LIBRARY ONLINE CATALOGUE

Archbold : (Record no. 4315)

MARC details
000 -LEADER
fixed length control field 01787cam a22003492 4500
001 - CONTROL NUMBER
control field 0000021435
005 - DATE AND TIME OF LATEST TRANSACTION
control field 20151217145937.0
008 - FIXED-LENGTH DATA ELEMENTS--GENERAL INFORMATION
fixed length control field 120514s xx 000 0 eng d
020 ## - INTERNATIONAL STANDARD BOOK NUMBER
International Standard Book Number 0414048225 (main work) :
020 ## - INTERNATIONAL STANDARD BOOK NUMBER
International Standard Book Number 0414048249 (2nd supplement)
040 ## - CATALOGING SOURCE
Original cataloging agency KABU
Transcribing agency KABU
100 1# - MAIN ENTRY--PERSONAL NAME
Personal name Archbold, J. F.
-- 0000182285
245 10 - TITLE STATEMENT
Title Archbold :
Remainder of title criminal pleading, evidence and practice.
250 ## - EDITION STATEMENT
Edition statement 2012 ed. /
Remainder of edition statement editor, P. J. Richardson.
260 ## - PUBLICATION, DISTRIBUTION, ETC. (IMPRINT)
Place of publication, distribution, etc. London :
Name of publisher, distributor, etc. Sweet & Maxwell,
Date of publication, distribution, etc. 2012.
300 ## - PHYSICAL DESCRIPTION
Extent cccvlviii, 3111 p. +
Accompanying material 2nd supplement.
650 #0 - SUBJECT ADDED ENTRY--TOPICAL TERM
Topical term or geographic name as entry element Criminal procedure
Geographic subdivision Great Britain.
-- 0000177808
650 #0 - SUBJECT ADDED ENTRY--TOPICAL TERM
Topical term or geographic name as entry element Evidence, criminal
Geographic subdivision Great Britain.
-- 0000181608
700 0# - ADDED ENTRY--PERSONAL NAME
Personal name Richardson, P. J.
-- 0000182286
852 1# - LOCATION
-- p60934 KES (with second supplement)
852 1# - LOCATION
-- p60934 KES (with second supplement)
852 1# - LOCATION
-- p60934 KES (with second supplement)
852 1# - LOCATION
-- p60934 KES (with second supplement)
852 1# - LOCATION
-- p60934 KES (with second supplement)
852 1# - LOCATION
-- p60934 KES (with second supplement)
852 1# - LOCATION
-- p60934 KES (with second supplement)
852 1# - LOCATION
-- p60934 KES (with second supplement)
852 1# - LOCATION
-- p60934 KES (with second supplement)
852 1# - LOCATION
-- p60934 KES (with second supplement)
908 ## - PUT COMMAND PARAMETER (RLIN)
Put command parameter 120514
950 ## - LOCAL HOLDINGS (RLIN)
-- 1
Holdings
Withdrawn status Lost status Source of classification or shelving scheme Not for loan Home library Current library Date acquired Total Checkouts Full call number Barcode Date last seen Price effective from Koha item type Date last checked out
    Library of Congress Classification   Kabarak, Main Campus Kabarak, Main Campus 17/12/2015   KD8329 .A73 2012 c. 1 33919 17/12/2015 17/12/2015 General Collection  
    Library of Congress Classification   Kabarak, Main Campus Kabarak, Main Campus 17/12/2015   KD8329 .A73 2012 c. 2 21263 17/12/2015 17/12/2015 General Collection  
    Library of Congress Classification   Kabarak, Main Campus Kabarak, Main Campus 17/12/2015   KD8329 .A73 2012 c. 3 21262 17/12/2015 17/12/2015 General Collection  
    Library of Congress Classification   Kabarak, Main Campus Kabarak, Main Campus 17/12/2015   KD8329 .A73 2012 c. 5 21259 17/12/2015 17/12/2015 General Collection  
    Library of Congress Classification   Kabarak, Main Campus Kabarak, Main Campus 17/12/2015   KD8329 .A73 2012 2nd suppl. c. 1 016084 17/12/2015 17/12/2015 General Collection  
    Library of Congress Classification   Kabarak, Main Campus Kabarak, Main Campus 17/12/2015   KD8329 .A73 2012 2nd suppl. c. 2 016027 17/12/2015 17/12/2015 General Collection  
    Library of Congress Classification   Kabarak, Main Campus Kabarak, Main Campus 17/12/2015   KD8329 .A73 2012 2nd suppl. c. 3 013025 17/12/2015 17/12/2015 General Collection  
    Library of Congress Classification   Kabarak, Main Campus Kabarak, Main Campus 17/12/2015   KD8329 .A73 2012 2nd suppl. c. 4 013026 17/12/2015 17/12/2015 General Collection  
    Library of Congress Classification   Kabarak, Main Campus Kabarak, Main Campus 17/12/2015   KD8329 .A73 2012 2nd suppl. c. 5 013027 17/12/2015 17/12/2015 General Collection  
    Library of Congress Classification   Kabarak, Main Campus Kabarak, Main Campus 17/12/2015 1 KD8329 .A73 2012 c. 4 21267 19/05/2016 17/12/2015 General Collection 27/01/2016